Quizzes
Events
Quiz Creation
Community
Videos
Private Events
Remove Ads
Sign In
Join for FREE
Feedback
Dark Mode
Quiz Categories
Sports
Geography
Music
Movies
Television
Just For Fun
Miscellaneous
History
Literature
Language
Science
Gaming
Entertainment
Religion
Holiday
For Kids
Quiz Lab
Recent
Popular Today
Quiz Kudos Today
Editor Picks
Curator Picks
Quizzes by...
Day
Popularity
Type
Ratings
Length
Year
Community
Subscriptions
Recent Discussions
Orange Saloon
Badges
Playlists
Quests
Create
Leaderboards
Showdown
Live 5
Trivia Bingo
Activity
Puzzle Library
Sporcle Events
Private Events
Virtual Trivia
Globe League
Become a Host
Pub Owners
SporcleCon
Opinionation
Our Games
Videos
Blog
Mobile Apps
Partnerships
Remove Ads and Go Orange
Feedback
Geography
Country
Landmarks
City
State
Population
World
Capital
Continent
Flags
Europe
Africa
Asia
South America
North America
Oceania
Border
Canada
United Kingdom
Topography
United States
Geography
Country
Landmarks
City
State
Population
World
Capital
Continent
Flags
Europe
Africa
Asia
South America
North America
Oceania
Border
Canada
United Kingdom
Topography
United States
Random Quiz
Search Sporcle
×
Editor Pick
Editor Pick
Geography
Europe
Type in answers that appear in a list
Type in answers that appear in a list
Classic
Best Score? Go Orange.
City Quiz: London Stats
Can you name the facts about London?
By
Jam1
6m
50 Questions
9,483 Plays
9,483 Plays
9,483 Plays
Comments
Comments
Give Quiz Kudos
Give Quiz Kudos
-
- Ratings
hide this ad
Replay
Link that replays current quiz
Next Quiz
Link to next quiz in quiz playlist
You Got
0%
They Got
Avg Score
48%
Avg Friend Score
Upgrade to see
Score Distribution
Jump to the score distribution portion of the page
Score
0/50
Timer
06:00
0
Plays Today
Hint
Answer
% Correct
Country
United Kingdom
97.2%
Main Language
English
96.4%
Longest River
Thames
93%
Continent
Europe
91.8%
Constituent Country
England
89.6%
County
City of London
88%
Main Religion
Christianity
86.7%
Queen's London Residence
Buckingham Palace
84.4%
Largest Airport
Heathrow Airport
80.5%
Olympic Host Years (Any)
1908, 1948, 2012
78.2%
Premier League Football Club (Any)
Arsenal, Chelsea, Fulham, Tottenham, West Ham
76.7%
Second Largest Religion
Islam
74.6%
Largest Stadium
Wembley Stadium
73.8%
Prime Minister's London Residence
10 Downing Street
73.7%
Home of Crown Jewels
Tower of London
73.5%
Empire that Founded it
Roman Empire
73%
Coronation Cathedral
Westminster Abbey
72.7%
Largest Observation Wheel
London Eye
71.3%
Oldest Tennis Championship
Wimbledon
70%
Mayor's Political Party
Conservative
66.7%
Tallest Cathedral
St. Paul's Cathedral
62.5%
Mayor
Boris Johnson
62.4%
Tallest Building
The Shard
56.9%
County
Greater London
54.1%
# of League Football Clubs
13
53.1%
Hint
Answer
% Correct
City Name when founded
Londinium
50.8%
National Museum of Modern Art
Tate Modern
46%
Smallest Borough
Kensington and Chelsea
45.3%
# of Boroughs
32
44.3%
Horatio Nelson's Monument
Nelson's Column
42.6%
Demonym
Londoner
40.3%
Twin City
New York
37.7%
London Museum Ship
HMS Belfast
29.4%
Opposition Candidate
Ken Livingstone
28.6%
Twin City
Berlin
27%
Largest Park
Richmond Park
23.1%
Twin City
Moscow
17.1%
Second Largest Language
Bengali
14%
Tallest Building Under Construction
The Pinnacle
12.5%
Largest Borough
Bromley
12.4%
Most Populous Borough
Croydon
11.4%
Twin City
Shanghai
8.4%
Twin City
Delhi
6.2%
Twin City
Oslo
5.8%
Twin City
Johannesburg
5%
Twin City
Arequipa
3.4%
Twin City
Kuala Lumpur
2.2%
Twin City
Tehran
2.2%
Twin City
Bogotá
1.8%
Twin City
Kuwait City
0.8%
Quiz Playlist
Details
Report
Send in Message
Add To Playlist
Classic:
Type in answers that appear in a list
Last Updated: May 21, 2018
Editor Pick in
Geography
Quiz Scoreboard
CHALLENGE
Sign Up to Join the Scoreboard
Show All
Scores
Hide
Comments
May contain spoilers
Recently Published
Alphabetical 'K' Countries by Flag Minefield
by ylime102
Geography
3m
Pick 6: Fruits
by JohnFran
Miscellaneous
15s
Click the 1999 NBA Draft
by nibperrychub
Sports
2m
More to Explore
Quiz From the Vault
Featured Blog Post
15 Basketball Trivia Facts You Can Be March Mad About
hide this ad
You Might Also Like...
Tags
City Quiz
Europe Quiz
United Kingdom Quiz
England
London
Today's Top Quizzes in Geography
Browse Geography
hide this ad
Today's Top Quizzes in Europe
Browse Europe
Top Contributed Quizzes in Geography
1
Countries of the World - No Outlines Minefield
2
Pick 6: Mountains
3
Alphabetical 'L' Countries By Flag Minefield
4
Lietuvos savivaldybės (Lithuanian Municipalities)
5
Least Populated Answer: 'G' Countries
6
African Flag Reveal XXXVI
7
Pick 6: US States
8
Pick 6: National Parks
9
Alphabetical 'M' Countries By Flag Minefield
10
Complete the Map Snippet (Minefield) IX
Explore More
Trending Topics
Harry Potter
Anime
Disney
NBA
Marvel
Crossword
Kpop
The Office
NFL
Soccer
Puzzle
WWE
Pokémon
Country
Song
hide this ad
More By:
Jam1
Quiz
Plays
Rating
Category
Featured
Created
European Capital Match
1,163,260
4.66
Geography
Mar 29, 2012
'S' Countries
574,799
4.60
Geography
Nov 3, 2009
'M' Countries
365,699
4.62
Geography
Sep 27, 2009
Spanish Speaking Countries
324,723
4.59
Language
Sep 27, 2009
French Speaking Countries
321,058
4.53
Language
Sep 27, 2009
Go to Creator's Profile
Score Distribution
Quiz Creator Spotlight
Jam1
Follow
Send a Message
Quizzes Created
-
Created Quiz Play Count
-
More By This Creator
Popular Quizzes Today
1
Find the US States - No Outlines Minefield
2
Countries of Asia Without Outlines Minefield
3
Pick 6: Fruits
4
Alphabetical 'K' Countries by Flag Minefield
5
The Countries of the World
6
Find the US States
7
Match the Book to the Film X
8
Click the 1999 NBA Draft
More Geography Quizzes
7-Letter Geography Alphabet Blitz
Published
Trending Quizzes
Pick 6: Harry Potter
Pick 6: Mountains
Pick 6: NFL Teams
Pick 6: Movie Franchises
Pick 6: Golfers
Recently Updated
Women's Final Four Teams by Year
bhenderson79
Presidents Quartet II
eogle
Anything But Clue(do)
eogle
Anything But Oceanian Capitals
eogle
Anything But 7
eogle
Anything But Thing
eogle
Word Ladder: February 29
pecheneg
Song Title Questions
pecheneg
Women's NCAA Tournament #1 Seeds
pecheneg
Celebrity Mug Shots
pecheneg
Trending Topics
NBA
Anime
Harry Potter
Kpop
Crossword
Disney
Marvel
Puzzle
Soccer
WWE
Country
Pokémon
Song
The Office
NFL
Your Account Isn't Verified!
In order to create a playlist on Sporcle, you need to verify the email address you used during registration. Go to your
Sporcle Settings
to finish the process.
Report this User
Report this user for behavior that violates our
Community Guidelines
.
Details:
Send Report
Go to the Sporcle.com Mobile Site →
Comments